000 00293nam a2200121 a 4500
008 100923s1976|||| d
100 1 _aFučíková, Gusta
245 1 0 _aSpomienky na Júliusa Fučíka
260 _bPravda
_aBratislava
_c1976
020 _c31
044 _axo
_cSK
041 _aslo
999 _c10648
_d10648